000
00309nam a22001457a 4500
008
210527b ||||| |||| 00| 0 eng d
020
_a
9781595584793
041
_a
eng
080
_a
070
082
_a
070
100
_a
42
101
_a
MED
245
_a
Submersion Journalism
_c
Wasik.B
942
_2
udc
_c
BK
999
_c
57718
_d
57718